| 000 | 00463nam a2200169Ia 4500 | ||
|---|---|---|---|
| 008 | 240729s9999 xx 000 0 und d | ||
| 022 | _a2300-6579 | ||
| 245 | 0 | _aOpen Theology | |
| 260 | _aPoland | ||
| 260 | _bDe Gruyter | ||
| 650 | _a Religion (General) | ||
| 650 | _a Religions. Mythology. Rationalism | ||
| 650 | _aPhilosophy. Psychology. Religion | ||
| 856 | _uhttps://doaj.org/toc/3fb665b3f7ad44ac857b615276ffc1e3 | ||
| 942 | _2ddc | ||
| 942 | _cDOAJEJ | ||
| 999 |
_c74728 _d74728 |
||
| 945 |
_a1 _bMadushi Gamage _c1 _dMadushi Gamage |
||